书目信息 |
| 题名: |
点评日语能力测试2级历年真题
|
|
| 作者: | 钱爱琴 , 黄颖 , 方萍 编著 | |
| 分册: | ||
| 出版信息: | 天津 天津大学出版社 2010.05 |
|
| 页数: | 347页 | |
| 开本: | 26cm | |
| 丛书名: | ||
| 单 册: | ||
| 中图分类: | H369.6 | |
| 科图分类: | ||
| 主题词: | 日语--ri yu--水平考试--解题 | |
| 电子资源: | ||
| ISBN: | 978-7-5618-3301-8 | |
| 000 | 01053nam0 2200277 450 | |
| 001 | 012011146289 | |
| 005 | 20110506180648.12 | |
| 010 | @a978-7-5618-3301-8@dCNY36.00 (含光盘) | |
| 010 | @a978-7-900781-00-0@b光盘 | |
| 100 | @a20110506d2010 em y0chiy0120 ea | |
| 101 | 0 | @achi@ajpn |
| 102 | @aCN@b120000 | |
| 105 | @aa z 000yy | |
| 106 | @ar | |
| 200 | 1 | @a点评日语能力测试2级历年真题@Adian ping ri yu neng li ce shi 2 ji li nian zhen ti@e2001-2009年@f钱爱琴, 黄颖, 方萍编著@Fqian ai qin,huang ying,fang ping bian zhu |
| 210 | @a天津@c天津大学出版社@d2010.05 | |
| 215 | @a347页@c图@d26cm@e光盘1片 | |
| 300 | @a内含2009年12月最新真题 | |
| 330 | @a本书将历年日语能力测试2级的真题按年份编排,其中每套真题又分三部分,第一部分是真题;第二部分是针对试题的详细解答和辨析;第三部分是参考答案。 | |
| 606 | 0 | @a日语@Ari yu@x水平考试@j解题 |
| 690 | @aH369.6@v4 | |
| 701 | 0 | @a钱爱琴@Aqian ai qin@4编著 |
| 701 | 0 | @a黄颖@Ahuang ying@4编著 |
| 701 | 0 | @a方萍@Afang ping@4编著 |
| 801 | 0 | @aCN@bQSSK@c20110506 |
| 905 | @b793519-21@dH369.6@eQ185@f3 | |
| 点评日语能力测试2级历年真题:2001-2009年/钱爱琴, 黄颖, 方萍编著.-天津:天津大学出版社,2010.05 |
| 347页:图;26cm+光盘1片 |
| 内含2009年12月最新真题 |
| ISBN 978-7-5618-3301-8:CNY36.00 (含光盘) |
| 本书将历年日语能力测试2级的真题按年份编排,其中每套真题又分三部分,第一部分是真题;第二部分是针对试题的详细解答和辨析;第三部分是参考答案。 |
| ● |
| 相关链接 |
|
|
|
正题名:点评日语能力测试2级历年真题
索取号:H369.6/Q185
 
预约/预借
| 序号 | 登录号 | 条形码 | 馆藏地/架位号 | 状态 | 备注 |
| 1 | 793519 | 207935190 | 语言库209/209语言库 132排2列1层/ [索取号:H369.6/Q185] | 在馆 | |
| 2 | 793520 | 207935207 | 语言库209/209语言库 132排2列1层/ [索取号:H369.6/Q185] | 在馆 | |
| 3 | 793521 | 207935216 | 语言库209/209语言库 132排2列1层/ [索取号:H369.6/Q185] | 在馆 |